000 01176nam a2200349Ia 4500
001 dia_66
003 CHAP
005 20251027152203.0
008 220117s1993 xx 000 0 und d
010 _a176394
020 _a970-620-271-4
040 _cCHAP
082 _a663.207 R49 1993
100 _aReyes Dorantes, Alberto
_9124571
245 _aAñejamiento y vinificaciones especiales : enología /
_c Alberto Reyes Dorantes, José Ramón Verde Calvo y Ma. de Lourdes Escamilla Hurtado
260 _aMéxico :
_b Universidad Autónoma Metropolitana,
_c1993
300 _a143 p.
440 _aLibros de texto y manuales de práctica
_966682
500 _aLa biblioteca tiene sólo el v. 2
503 _aC.
504 _aIncluye bibliografías
590 _aTP548 R49 1993
650 _aVinicultura
_9124579
650 _aVinificación
_9151244
650 _aWinemaking
_9151246
700 _aEscamilla Hurtado, Ma. de Lourdes, coaut.
_9158718
700 _aVerde Calvo, José Ramón, coaut.
_9158719
901 _a663.207 R49 1993
902 _aM
905 _a5232271993 mx aimn8222223322spa16
942 _cLIBRO
_2ddc
999 _c176394
_d176394